00448 2200169 4500001002100000005001500021008004100036035001900077082000800096090001400104100001300118700001700131700002000148245005700168260004000225300001300265INLIS00000000000792020241224113544241224||||||||| | ||| |||| ||  0010-12240079200 a808 a808 TIM b0 aAminudin0 aErwan Juhara0 aAmang S Hidayat00aBumi Nangroe Tsunami Aceh : Antologi Prosa dan Puisi aMajalengkabNuansa Majalengkac2008 a110 hlm.